Administración y estrategia (Registro nro. 2611)
[ vista simple ]
| 000 -LEADER | |
|---|---|
| fixed length control field | 01813 a2200229 4500 |
| 001 - CONTROL NUMBER | |
| control field | 36094 |
| 005 - DATE AND TIME OF LATEST TRANSACTION | |
| control field | 20260407155638.0 |
| 008 - FIXED-LENGTH DATA ELEMENTS--GENERAL INFORMATION | |
| fixed length control field | 260407a1991 arg spa d |
| 003 - CONTROL NUMBER IDENTIFIER | |
| control field | AR-UNSa-BCEJYS |
| 040 ## - CATALOGING SOURCE | |
| Original cataloging agency | AR-UNSa-BCEJYS |
| Language of cataloging | spa |
| Transcribing agency | AR-UNSa-BCEJYS |
| 080 ## - UNIVERSAL DECIMAL CLASSIFICATION NUMBER | |
| Universal Decimal Classification number | 658.012.2 |
| Common auxiliary subdivision | Planificación. Programas. Planes. Medidas de apoyo a la planificación( Administración estratégica...) |
| 020 ## - INTERNATIONAL STANDARD BOOK NUMBER | |
| International Standard Book Number | 950-537-140-3 |
| 100 1# - MAIN ENTRY--PERSONAL NAME | |
| Personal name | Hermida, Jorge Alfredo |
| 245 10 - TITLE STATEMENT | |
| Title | Administración y estrategia |
| Name of part/section of a work | un enfoque competitivo y emprendedor |
| 250 ## - EDITION STATEMENT | |
| Edition statement | 3a. ed |
| 264 #1 - PRODUCTION, PUBLICATION, DISTRIBUTION, MANUFACTURE, AND COPYRIGHT NOTICE | |
| Place of production, publication, distribution, manufacture | Buenos Aires : |
| Name of producer, publisher, distributor, manufacturer | Ediciones Macchi |
| Date of production, publication, distribution, manufacture, or copyright notice | 1991 |
| 300 ## - PHYSICAL DESCRIPTION | |
| Extent | 351 p. |
| Dimensions | 22 cm. |
| 505 ## - FORMATTED CONTENTS NOTE | |
| Formatted contents note | I.: ¿Qué es la administración?: 1. ¿Dónde está la administración ? - 2. ¿Cuáles son las características de las empresas? - II.: Administración tradicional(1900-1970): 3. Las escuelas clásicas(1900/25) - 4. La escuela de relaciones humanas(1925-35) - 5. La escuela neocásica(1925/1945) - 6. Las escuelas de sociología y de sicología (1935/1950) - 7. El modelo burocrático(1910/1950) - 8. La escuela de la teoría de la organización (194671960) - 9. La teoría de los sistemas(1950/1970)- III. De la administración tradicional a la administración estratégica (1970/1990): 10. Los impactos que provocan la fractura de la continuidad en las ideas tradicionales de la administración - 11. El planemiento estratégico - 12. El enfoque de las matrices para el planeamiento estratégico y las necesidad del análisis prospectivo - 13. La excelencia de gestión, la creatividad y la cultura compartida - 14. La estrategia competitiva - 15. Ventajas competitivas dinámicas a través de una cultura compartida para administrar negocios en la década de 1990.<br/> |
| 590 ## - LOCAL NOTE (RLIN) | |
| Local note | niveau_biblio:m niveau_hierar:0 |
| 700 1# - ADDED ENTRY--PERSONAL NAME | |
| Personal name | Serra, Roberto |
| 942 ## - ADDED ENTRY ELEMENTS (KOHA) | |
| Koha item type | |
| Withdrawn status | Lost status | Damaged status | Not for loan | Home library | Current library | Shelving location | Date acquired | Total checkouts | Full call number | Barcode | Date last seen | Price effective from | Koha item type |
|---|---|---|---|---|---|---|---|---|---|---|---|---|---|
| Biblioteca Prof. Eusebio Cleto del Rey | Biblioteca Prof. Eusebio Cleto del Rey | 07/04/2026 | 658.012.2 H554 3ed. | L53720 | 07/04/2026 | 07/04/2026 | Libro |